Normal view MARC view
  • System identification

Entry Topical Term

Number of records used in: 5

001 - CONTROL NUMBER

  • control field: 93959

003 - CONTROL NUMBER IDENTIFIER

  • control field: NUST

005 - DATE AND TIME OF LATEST TRANSACTION

  • control field: 20220720094854.0

008 - FIXED-LENGTH DATA ELEMENTS

  • fixed length control field: 220720|| aca||aabn | a|a d

040 ## - CATALOGING SOURCE

  • Original cataloging agency: NUST
  • Transcribing agency: NUST

150 ## - HEADING--TOPICAL TERM

  • Topical term or geographic name entry element: System identification

670 ## - SOURCE DATA FOUND

  • Source citation: Work cat.: (NUST)174722: Pintelon, R. 93958, System identification :, c2001.
© 2023 Central Library, National University of Sciences and Technology. All Rights Reserved.